<?xml version="1.0" encoding="UTF-8"?>
<record
    xmlns:xsi="http://www.w3.org/2001/XMLSchema-instance"
    xsi:schemaLocation="http://www.loc.gov/MARC21/slim http://www.loc.gov/standards/marcxml/schema/MARC21slim.xsd"
    xmlns="http://www.loc.gov/MARC21/slim">

  <leader>01635nam a22003734c 4500</leader>
  <controlfield tag="001">195376</controlfield>
  <controlfield tag="003">SpMaBN</controlfield>
  <controlfield tag="005">20250320063055.0</controlfield>
  <controlfield tag="008">230103s2022    sp a   | |||| 000 pdspa  </controlfield>
  <datafield tag="017" ind1=" " ind2=" ">
    <subfield code="a">M 25438-2022</subfield>
    <subfield code="b">Oficina Dep&#xF3;sito Legal Madrid</subfield>
  </datafield>
  <datafield tag="020" ind1=" " ind2=" ">
    <subfield code="a">9788418624919</subfield>
  </datafield>
  <datafield tag="040" ind1=" " ind2=" ">
    <subfield code="a">SpMaBN</subfield>
    <subfield code="b">spa</subfield>
    <subfield code="c">SpMaBN</subfield>
    <subfield code="e">rda</subfield>
  </datafield>
  <datafield tag="080" ind1=" " ind2=" ">
    <subfield code="a">821.134.2-14"19"</subfield>
  </datafield>
  <datafield tag="100" ind1=" " ind2=" ">
    <subfield code="a">Iglesias Ben&#xED;tez, Jos&#xE9;,</subfield>
    <subfield code="d">1955-2020</subfield>
    <subfield code="9">236908</subfield>
  </datafield>
  <datafield tag="245" ind1="1" ind2="0">
    <subfield code="a">Obras po&#xE9;ticas publicadas de Jos&#xE9; Iglesias Ben&#xED;tez :</subfield>
    <subfield code="b">(in memoriam) / </subfield>
    <subfield code="c">recopilaci&#xF3;n, Ricardo Hern&#xE1;ndez Meg&#xED;as ; pr&#xF3;logo, Pablo Jim&#xE9;nez Garc&#xED;a ; ep&#xED;logo, Juan Carlos Rodr&#xED;guez B&#xFA;rdalo.</subfield>
  </datafield>
  <datafield tag="264" ind1=" " ind2="1">
    <subfield code="a">Madrid</subfield>
    <subfield code="b">Beturia Ediciones</subfield>
    <subfield code="b">Liber Factory,</subfield>
    <subfield code="c">2022</subfield>
  </datafield>
  <datafield tag="300" ind1=" " ind2=" ">
    <subfield code="a">626 p&#xE1;ginas :</subfield>
    <subfield code="b">ilustraciones (blanco y negro) ;</subfield>
    <subfield code="c">24 cm</subfield>
  </datafield>
  <datafield tag="336" ind1=" " ind2=" ">
    <subfield code="a">Texto</subfield>
    <subfield code="2">rdacontent</subfield>
  </datafield>
  <datafield tag="337" ind1=" " ind2=" ">
    <subfield code="a">sin mediaci&#xF3;n</subfield>
    <subfield code="2">rdamedia</subfield>
  </datafield>
  <datafield tag="338" ind1=" " ind2=" ">
    <subfield code="a">volumen</subfield>
    <subfield code="2">rdacarrier</subfield>
  </datafield>
  <datafield tag="490" ind1="1" ind2=" ">
    <subfield code="a">Colecci&#xF3;n Personajes ilustres ;</subfield>
    <subfield code="v">n&#xBA; 8</subfield>
  </datafield>
  <datafield tag="500" ind1=" " ind2=" ">
    <subfield code="a">En la p&#xE1;gina 4 de la cubierta: Diputaci&#xF3;n de Badajoz; Junta de Extremadura; FAECAM</subfield>
  </datafield>
  <datafield tag="504" ind1=" " ind2=" ">
    <subfield code="a">Bibliograf&#xED;a: p&#xE1;ginas 625-626</subfield>
  </datafield>
  <datafield tag="655" ind1=" " ind2="7">
    <subfield code="a">Poes&#xED;as l&#xED;ricas</subfield>
    <subfield code="2">tgfbne</subfield>
    <subfield code="9">236779</subfield>
  </datafield>
  <datafield tag="655" ind1=" " ind2="7">
    <subfield code="a">Antolog&#xED;as</subfield>
    <subfield code="2">tgfbne</subfield>
    <subfield code="9">176540</subfield>
  </datafield>
  <datafield tag="700" ind1=" " ind2=" ">
    <subfield code="a">Hern&#xE1;ndez Meg&#xED;as, Ricardo,</subfield>
    <subfield code="d">1948-</subfield>
    <subfield code="9">236909</subfield>
  </datafield>
  <datafield tag="830" ind1=" " ind2=" ">
    <subfield code="a">Colecci&#xF3;n Personajes ilustres</subfield>
    <subfield code="9">239853</subfield>
  </datafield>
  <datafield tag="852" ind1=" " ind2=" ">
    <subfield code="a">ES-MaACL</subfield>
    <subfield code="c">DEPOJ</subfield>
    <subfield code="j">N-8953</subfield>
    <subfield code="x">Encuadernaci&#xF3;n carton&#xE9;</subfield>
    <subfield code="h">Donaci&#xF3;n: Editorial</subfield>
    <subfield code="9">204825 </subfield>
  </datafield>
  <datafield tag="942" ind1=" " ind2=" ">
    <subfield code="c">MONOGRAFIA</subfield>
    <subfield code="n">0</subfield>
  </datafield>
  <datafield tag="999" ind1=" " ind2=" ">
    <subfield code="c">195376</subfield>
    <subfield code="d">195376</subfield>
  </datafield>
  <datafield tag="952" ind1=" " ind2=" ">
    <subfield code="0">0</subfield>
    <subfield code="1">0</subfield>
    <subfield code="2">udc</subfield>
    <subfield code="4">0</subfield>
    <subfield code="7">0</subfield>
    <subfield code="a">ATENEOM</subfield>
    <subfield code="b">ATENEOM</subfield>
    <subfield code="c">DEPOJ</subfield>
    <subfield code="d">2025-03-18</subfield>
    <subfield code="e">DONACION</subfield>
    <subfield code="l">0</subfield>
    <subfield code="o">N-8953</subfield>
    <subfield code="p">101229672</subfield>
    <subfield code="r">2025-03-18 00:00:00</subfield>
    <subfield code="w">2025-03-18</subfield>
    <subfield code="y">MONOGRAFIA</subfield>
  </datafield>
</record>
